00509nam a2200169Ia 4500008004100000082001600041100002500057245004000082250000900122260002900131300001300160500002400173650001500197942000700212952010300219999001700322230524s9999 xx 000 0 und d a658.45bMAH aS.N.Maheswari914822 0aPrinciples of Management Accounting a10TH aNEW DELHIbS.Chandc1999 aXVII;546 aQuantity Number: 1 aManagement cBK 00104070aTATCLbTATCLcGENd2023-05-24l0o658.45 MAHp7926r2023-05-24w2023-05-24yBKzMBA301 c21198d21198